La race française / (Record no. 98396)

MARC details
000 -LEADER
campo de control de longitud fija 00580nam a2200169 i 4500
001 - NÚMERO DE CONTROL
campo de control 98396
003 - IDENTIFICADOR DE NÚMERO DE CONTROL
campo de control ES-MaACL
005 - FECHA Y HORA DE LA ÚLTIMA TRANSACCIÓN
campo de control 20230906182257.0
007 - CAMPO FIJO DE DESCRIPCIÓN FÍSICA--INFORMACIÓN GENERAL
campo de control de longitud fija t|
008 - DATOS DE LONGITUD FIJA--INFORMACIÓN GENERAL
campo de control de longitud fija 050728s1936 fr ||||1| fre d
100 1# - ENTRADA PRINCIPAL--NOMBRE DE PERSONA
Nombre de persona Martial, René.
9 (RLIN) 77249
245 13 - MENCIÓN DEL TÍTULO
Título La race française /
Mención de responsabilidad, etc. René Martial.
260 ## - PUBLICACIÓN, DISTRIBUCIÓN, ETC.
Lugar de publicación, distribución, etc. Paris :
Nombre del editor, distribuidor, etc. Mercure de France,
Fecha de publicación, distribución, etc. 1936.
300 ## - DESCRIPCIÓN FÍSICA
Extensión 352 p. ;
Dimensiones 23 cm.
505 8# - NOTA DE CONTENIDO CON FORMATO
Nota de contenido con formato Contiene: 1.--Le Sol. Les Racines. La Souche. 2.--La Croissance et les Greffons. 3.--La Greffe inter-raciale. Le nouveau rejet ou transfusion sanguine ethnique
852 ## - LOCALIZACIÓN
Ubicación ES-MaACL
Número de control de estantería A-4474
Holdings
Estatus retirado Estado de pérdida Estado de daño No para préstamo Biblioteca de origen Biblioteca actual Ubicación en estantería Fecha de adquisición Fuente de adquisición Total de préstamos Signatura topográfica completa Código de barras Visto por última vez Precio de reemplazo Tipo de ítem Koha
        Biblioteca del Ateneo de Madrid Biblioteca del Ateneo de Madrid Sala Pecera Planta 1 17/01/2008     A-4474 1102716 23/02/2023 23/02/2023 Libro impreso